000 00818nam a2200229Ia 4500
003 CO-CtgCURN
005 20250407225714.0
008 190722s9999 xx 000 0 und d
040 _aCO-CtgCURN
_bspa
_ccoctgcurn
082 _a336.3
_bG216f
100 _aGarcía R., Juan Jose
245 0 _aFinanzas regionales /
_cJuan Jose García R.
260 _aBogotá, Colombia :
_bSuarez Impresores,
_c1994
300 _a192 páginas ;
_c21 centímetros
504 _aIncluye referencias bibliográficas (p. 181-182)
521 _aAREA SOCIOHUMANISTICA
590 _aTodos los programas académicos
650 _aHacienda pública
942 _cBK
_h336.3
_iG216f
_2ddc
_n0
999 _c27986
_d27986